[Event "9 Round Open"]
[Site "Enniscrone, Sligo, IE"]
[Date "2026.02.05"]
[Round "5"]
[White "Vitiukov, Mikhail"]
[Black "Mabhena, Vladimir"]
[Result "1-0"]
[Board "20"]
[WhiteFideId "14168839"]
[BlackFideId "2519143"]
[WhiteElo "1650"]
[BlackElo "1546"]
[WhiteTeam "UKR"]
[BlackTeam "IRL"]
[WhiteClock "1:09:18"]
[BlackClock "0:57:24"]
[Variant "Standard"]

1. e4 {[%clk 1:30:57]}  c5 {[%clk 1:30:50]} 2. f4 {[%clk 1:31:01]}  e6 {[%clk 1:29:59]} 3. Nf3 {[%clk 1:31:22]}  d5 {[%clk 1:29:20]} 4. e5 {[%clk 1:31:47]}  Nd7 {[%clk 1:28:06]} 5. Bb5 {[%clk 1:32:08]}  a6 {[%clk 1:28:19]} 6. Bxd7+ {[%clk 1:32:32]}  Bxd7 {[%clk 1:28:07]} 7. d4 {[%clk 1:31:59]}  cxd4 {[%clk 1:25:29]} 8. Nxd4 {[%clk 1:32:22]}  Bc5 {[%clk 1:25:34]} 9. c3 {[%clk 1:30:28]}  Ne7 {[%clk 1:24:34]} 10. Be3 {[%clk 1:26:57]}  Rc8 {[%clk 1:22:08]} 11. O-O {[%clk 1:23:31]}  Qb6 {[%clk 1:18:34]} 12. b4 {[%clk 1:21:36]}  Bxd4 {[%clk 1:17:30]} 13. Bxd4 {[%clk 1:21:54]}  Qc7 {[%clk 1:17:11]} 14. g4 {[%clk 1:20:26]}  Nc6 {[%clk 1:13:02]} 15. Bc5 {[%clk 1:18:48]}  Nxe5 {[%clk 1:07:34]} 16. fxe5 {[%clk 1:15:45]}  Qxe5 {[%clk 1:07:30]} 17. Qf3 {[%clk 1:12:28]}  f6 {[%clk 1:03:52]} 18. Nd2 {[%clk 1:12:01]}  Bc6 {[%clk 1:02:47]} 19. Rae1 {[%clk 1:11:27]}  d4 {[%clk 1:01:20]} 20. Rxe5 {[%clk 1:11:50]}  Bxf3 {[%clk 1:01:45]} 21. Rxe6+ {[%clk 1:12:10]}  Kf7 {[%clk 1:01:33]} 22. Re7+ {[%clk 1:12:28]}  Kg6 {[%clk 1:01:40]} 23. Rxf3 {[%clk 1:12:04]}  dxc3 {[%clk 1:01:48]} 24. Rxc3 {[%clk 1:08:45]}  b6 {[%clk 1:01:03]} 25. Bd4 {[%clk 1:08:53]}  Rxc3 {[%clk 1:01:04]} 26. Bxc3 {[%clk 1:09:18]}  Rc8 {[%clk 1:01:14]} 27. Ne4 {[%clk 1:09:02]}  h6 {[%clk 0:57:24]} 28. h4 {[%clk 1:09:18]} 1-0

[Event "9 Round Open"]
[Site "Enniscrone, Sligo, IE"]
[Date "2026.02.05"]
[Round "6"]
[White "Krastev, Alexander"]
[Black "Blohberger, Felix"]
[Result "0-1"]
[Board "1"]
[WhiteFideId "12989983"]
[BlackFideId "1632051"]
[WhiteTitle "IM"]
[BlackTitle "GM"]
[WhiteElo "2433"]
[BlackElo "2543"]
[WhiteTeam "GER"]
[BlackTeam "AUT"]
[WhiteClock "0:01:00"]
[BlackClock "0:01:29"]
[Variant "Standard"]

1. e4 {[%clk 1:30:58]}  c5 {[%clk 1:30:52]} 2. Nf3 {[%clk 1:31:17]}  d6 {[%clk 1:31:15]} 3. Bb5+ {[%clk 1:30:58]}  Bd7 {[%clk 1:31:02]} 4. c4 {[%clk 1:29:40]}  a6 {[%clk 1:30:33]} 5. Bxd7+ {[%clk 1:29:56]}  Nxd7 {[%clk 1:30:57]} 6. Nc3 {[%clk 1:29:28]}  e6 {[%clk 1:29:46]} 7. O-O {[%clk 1:26:04]}  Ne5 {[%clk 1:28:16]} 8. d3 {[%clk 1:19:11]}  Ne7 {[%clk 1:27:18]} 9. Be3 {[%clk 1:14:50]}  N7c6 {[%clk 1:14:50]} 10. Ne1 {[%clk 1:12:52]}  Nd4 {[%clk 1:10:17]} 11. Bxd4 {[%clk 1:08:17]}  cxd4 {[%clk 1:10:32]} 12. Ne2 {[%clk 1:08:42]}  Nc6 {[%clk 1:10:25]} 13. Qa4 {[%clk 1:03:51]}  e5 {[%clk 1:09:05]} 14. Nc2 {[%clk 1:00:30]}  Qd7 {[%clk 1:07:07]} 15. b4 {[%clk 0:57:16]}  Be7 {[%clk 1:06:02]} 16. b5 {[%clk 0:54:11]}  Na7 {[%clk 0:59:43]} 17. Rfb1 {[%clk 0:41:03]}  O-O {[%clk 0:51:58]} 18. Qb3 {[%clk 0:41:22]}  axb5 {[%clk 0:50:49]} 19. cxb5 {[%clk 0:41:47]}  d5 {[%clk 0:49:57]} 20. Qxd5 {[%clk 0:16:24]}  Qxd5 {[%clk 0:50:15]} 21. exd5 {[%clk 0:16:53]}  Rfd8 {[%clk 0:43:50]} 22. b6 {[%clk 0:15:20]}  Nc8 {[%clk 0:42:34]} 23. Rb5 {[%clk 0:15:48]}  Nd6 {[%clk 0:34:33]} 24. Rb3 {[%clk 0:16:17]}  Rdc8 {[%clk 0:28:20]} 25. Ne1 {[%clk 0:13:39]}  Ra5 {[%clk 0:26:19]} 26. f4 {[%clk 0:13:49]}  f6 {[%clk 0:25:42]} 27. a4 {[%clk 0:11:20]}  Rca8 {[%clk 0:19:44]} 28. fxe5 {[%clk 0:11:46]}  fxe5 {[%clk 0:20:11]} 29. Nf3 {[%clk 0:10:17]}  Rxd5 {[%clk 0:20:33]} 30. Ng3 {[%clk 0:10:36]}  Rc5 {[%clk 0:18:53]} 31. Nd2 {[%clk 0:06:59]}  Bg5 {[%clk 0:11:26]} 32. Ngf1 {[%clk 0:04:06]}  Ra6 {[%clk 0:08:58]} 33. Kf2 {[%clk 0:03:28]}  Rc2 {[%clk 0:07:46]} 34. Ke1 {[%clk 0:03:47]}  Bd8 {[%clk 0:05:35]} 35. Kd1 {[%clk 0:03:54]}  Rc6 {[%clk 0:03:56]} 36. Ng3 {[%clk 0:02:08]}  Rcxb6 {[%clk 0:04:04]} 37. Rxb6 {[%clk 0:02:14]}  Rxb6 {[%clk 0:04:17]} 38. Nge4 {[%clk 0:00:48]}  Nxe4 {[%clk 0:02:31]} 39. Nxe4 {[%clk 0:01:16]}  Rb2 {[%clk 0:02:35]} 40. Rc1 {[%clk 0:01:46]}  Kf7 {[%clk 0:02:14]} 41. Rc2 {[%clk 0:01:31]}  Rb4 {[%clk 0:01:53]} 42. Rc5 {[%clk 0:01:00]}  Rxa4 {[%clk 0:01:56]} 43. Rxe5 {[%clk 0:01:28]}  Be7 {[%clk 0:01:28]} 44. Ke2 {[%clk 0:01:31]}  Rb4 {[%clk 0:01:03]} 45. Kf3 {[%clk 0:01:45]}  Rb3 {[%clk 0:01:16]} 46. Nf2 {[%clk 0:01:49]}  Bd6 {[%clk 0:01:07]} 47. Rh5 {[%clk 0:01:44]}  h6 {[%clk 0:00:53]} 48. g3 {[%clk 0:01:43]}  Ke6 {[%clk 0:01:11]} 49. Rh4 {[%clk 0:01:34]}  Be5 {[%clk 0:00:45]} 50. Rh5 {[%clk 0:01:00]}  Bf6 {[%clk 0:00:35]} 51. Rc5 {[%clk 0:01:18]}  Be7 {[%clk 0:00:45]} 52. Ra5 {[%clk 0:01:38]}  b6 {[%clk 0:00:58]} 53. Ra7 {[%clk 0:02:03]}  Bf6 {[%clk 0:00:35]} 54. Ke4 {[%clk 0:01:56]}  Rb2 {[%clk 0:00:57]} 55. Ng4 {[%clk 0:02:05]}  Re2+ {[%clk 0:00:43]} 56. Kf3 {[%clk 0:02:33]}  Rd2 {[%clk 0:01:02]} 57. Ke4 {[%clk 0:02:24]}  Re2+ {[%clk 0:00:47]} 58. Kf3 {[%clk 0:02:53]}  Re1 {[%clk 0:01:02]} 59. Rb7 {[%clk 0:03:09]}  Rf1+ {[%clk 0:00:53]} 60. Ke4 {[%clk 0:03:20]}  Re1+ {[%clk 0:01:02]} 61. Kf3 {[%clk 0:03:49]}  Rb1 {[%clk 0:01:17]} 62. Ke4 {[%clk 0:04:16]}  Be7 {[%clk 0:01:00]} 63. h4 {[%clk 0:02:47]}  h5 {[%clk 0:00:59]} 64. Nh2 {[%clk 0:01:56]}  Re1+ {[%clk 0:00:53]} 65. Kxd4 {[%clk 0:02:18]}  Bf6+ {[%clk 0:00:40]} 66. Kc4 {[%clk 0:02:44]}  Rc1+ {[%clk 0:00:47]} 67. Kb4 {[%clk 0:02:08]}  Kd5 {[%clk 0:00:52]} 68. Nf3 {[%clk 0:01:56]}  Rb1+ {[%clk 0:01:05]} 69. Ka4 {[%clk 0:02:13]}  Kc6 {[%clk 0:01:19]} 70. Rf7 {[%clk 0:00:33]}  b5+ {[%clk 0:00:58]} 71. Ka3 {[%clk 0:01:02]}  Rd1 {[%clk 0:01:20]} 72. Ng5 {[%clk 0:00:36]}  Rxd3+ {[%clk 0:01:45]} 73. Ka2 {[%clk 0:01:05]}  b4 {[%clk 0:00:49]} 74. Ne4 {[%clk 0:00:34]}  b3+ {[%clk 0:01:14]} 75. Ka3 {[%clk 0:01:00]}  b2+ {[%clk 0:01:29]} 0-1

[Event "9 Round Open"]
[Site "Enniscrone, Sligo, IE"]
[Date "2026.02.05"]
[Round "6"]
[White "Collins, Adam"]
[Black "Risteski, Emil"]
[Result "1/2-1/2"]
[Board "2"]
[WhiteFideId "2512300"]
[BlackFideId "15005267"]
[WhiteTitle "FM"]
[BlackTitle "IM"]
[WhiteElo "2312"]
[BlackElo "2410"]
[WhiteTeam "IRL"]
[BlackTeam "MKD"]
[WhiteClock "0:41:33"]
[BlackClock "0:38:23"]
[Variant "Standard"]

1. d4 {[%clk 1:29:50]}  d6 {[%clk 1:30:51]} 2. Nf3 {[%clk 1:30:11]}  Nf6 {[%clk 1:31:18]} 3. g3 {[%clk 1:30:34]}  g6 {[%clk 1:31:45]} 4. Bg2 {[%clk 1:30:58]}  Bg7 {[%clk 1:32:13]} 5. O-O {[%clk 1:31:19]}  O-O {[%clk 1:32:39]} 6. Re1 {[%clk 1:31:37]}  Nbd7 {[%clk 1:33:03]} 7. e4 {[%clk 1:31:54]}  e5 {[%clk 1:33:29]} 8. Nc3 {[%clk 1:32:10]}  c6 {[%clk 1:33:45]} 9. a4 {[%clk 1:32:09]}  a5 {[%clk 1:34:08]} 10. b3 {[%clk 1:31:49]}  Re8 {[%clk 1:33:35]} 11. Ba3 {[%clk 1:29:30]}  exd4 {[%clk 1:33:57]} 12. Nxd4 {[%clk 1:29:42]}  Nc5 {[%clk 1:34:17]} 13. Qd2 {[%clk 1:26:23]}  Qb6 {[%clk 1:34:41]} 14. Rad1 {[%clk 1:20:14]}  Bg4 {[%clk 1:35:03]} 15. f3 {[%clk 1:18:56]}  Bd7 {[%clk 1:15:05]} 16. Qf2 {[%clk 1:16:01]}  Qc7 {[%clk 1:10:37]} 17. Nde2 {[%clk 1:12:52]}  b6 {[%clk 1:10:31]} 18. Bc1 {[%clk 1:08:47]}  Rad8 {[%clk 1:07:15]} 19. Bf4 {[%clk 1:07:45]}  Bc8 {[%clk 1:01:39]} 20. Rd2 {[%clk 0:58:29]}  Nh5 {[%clk 0:57:00]} 21. Bg5 {[%clk 0:56:23]}  f6 {[%clk 0:57:26]} 22. Be3 {[%clk 0:56:15]}  f5 {[%clk 0:57:53]} 23. exf5 {[%clk 0:52:23]}  gxf5 {[%clk 0:57:37]} 24. Bd4 {[%clk 0:52:01]}  Nf6 {[%clk 0:55:50]} 25. Nf4 {[%clk 0:48:59]}  Qf7 {[%clk 0:51:25]} 26. Rxe8+ {[%clk 0:44:26]}  Rxe8 {[%clk 0:51:20]} 27. Re2 {[%clk 0:43:39]}  Rxe2 {[%clk 0:45:50]} 28. Ncxe2 {[%clk 0:41:33]}  Ne8 {[%clk 0:38:23]} 1/2-1/2

[Event "9 Round Open"]
[Site "Enniscrone, Sligo, IE"]
[Date "2026.02.05"]
[Round "6"]
[White "Woods, Yannick"]
[Black "Rosol, Philip"]
[Result "1-0"]
[Board "3"]
[WhiteFideId "2518384"]
[BlackFideId "1664905"]
[WhiteElo "1971"]
[BlackElo "2271"]
[WhiteTeam "IRL"]
[BlackTeam "POL"]
[WhiteClock "0:07:17"]
[BlackClock "0:01:49"]
[Variant "Standard"]

1. e4 {[%clk 1:30:57]}  c5 {[%clk 1:30:50]} 2. Nf3 {[%clk 1:31:23]}  g6 {[%clk 1:31:00]} 3. d4 {[%clk 1:31:49]}  cxd4 {[%clk 1:31:26]} 4. Nxd4 {[%clk 1:32:15]}  Nc6 {[%clk 1:31:46]} 5. c4 {[%clk 1:32:37]}  Bg7 {[%clk 1:32:10]} 6. Be3 {[%clk 1:33:02]}  Nf6 {[%clk 1:32:32]} 7. Nc3 {[%clk 1:33:28]}  O-O {[%clk 1:32:43]} 8. Be2 {[%clk 1:33:38]}  d6 {[%clk 1:33:08]} 9. O-O {[%clk 1:31:49]}  Nxd4 {[%clk 1:33:33]} 10. Bxd4 {[%clk 1:32:13]}  Bd7 {[%clk 1:33:56]} 11. Qd2 {[%clk 1:31:53]}  Bc6 {[%clk 1:34:03]} 12. Bd3 {[%clk 1:31:29]}  Nd7 {[%clk 1:19:31]} 13. Bxg7 {[%clk 1:31:14]}  Kxg7 {[%clk 1:19:56]} 14. Rae1 {[%clk 1:31:38]}  e5 {[%clk 1:02:38]} 15. Bc2 {[%clk 1:22:46]}  Qb6 {[%clk 0:57:35]} 16. b3 {[%clk 1:15:23]}  Qb4 {[%clk 0:53:50]} 17. Re3 {[%clk 1:14:58]}  Nf6 {[%clk 0:47:05]} 18. Rf3 {[%clk 0:59:14]}  Nh5 {[%clk 0:44:13]} 19. Rd1 {[%clk 0:51:02]}  Rad8 {[%clk 0:40:35]} 20. Ne2 {[%clk 0:34:59]}  Qxd2 {[%clk 0:39:36]} 21. Rxd2 {[%clk 0:35:06]}  b5 {[%clk 0:35:09]} 22. cxb5 {[%clk 0:33:34]}  Bxb5 {[%clk 0:35:36]} 23. Nc3 {[%clk 0:32:05]}  Bc6 {[%clk 0:35:16]} 24. Rfd3 {[%clk 0:29:13]}  Bb7 {[%clk 0:32:55]} 25. g3 {[%clk 0:26:46]}  Rc8 {[%clk 0:33:11]} 26. f3 {[%clk 0:26:40]}  Rc6 {[%clk 0:24:04]} 27. Bd1 {[%clk 0:24:49]}  Nf6 {[%clk 0:19:02]} 28. Nd5 {[%clk 0:23:09]}  Ng8 {[%clk 0:10:48]} 29. Ne3 {[%clk 0:22:12]}  Nf6 {[%clk 0:08:42]} 30. Rxd6 {[%clk 0:22:15]}  Rc3 {[%clk 0:07:58]} 31. Nc4 {[%clk 0:21:34]}  Re8 {[%clk 0:08:16]} 32. Rc2 {[%clk 0:19:02]}  Rxc2 {[%clk 0:08:31]} 33. Bxc2 {[%clk 0:19:31]}  h5 {[%clk 0:08:18]} 34. a4 {[%clk 0:16:50]}  Re7 {[%clk 0:08:29]} 35. a5 {[%clk 0:16:47]}  Ne8 {[%clk 0:08:21]} 36. Rd8 {[%clk 0:15:54]}  Nc7 {[%clk 0:08:48]} 37. b4 {[%clk 0:14:27]}  Ne6 {[%clk 0:08:51]} 38. Rb8 {[%clk 0:13:58]}  Nd4 {[%clk 0:09:18]} 39. Ba4 {[%clk 0:13:36]}  Nxf3+ {[%clk 0:09:22]} 40. Kf2 {[%clk 0:13:51]}  Bxe4 {[%clk 0:08:38]} 41. Nd6 {[%clk 0:14:12]}  f5 {[%clk 0:07:53]} 42. Nxe4 {[%clk 0:12:00]}  fxe4 {[%clk 0:08:21]} 43. b5 {[%clk 0:11:43]}  Nd2 {[%clk 0:05:11]} 44. b6 {[%clk 0:11:05]}  Nc4 {[%clk 0:04:42]} 45. b7 {[%clk 0:11:25]}  Rf7+ {[%clk 0:03:34]} 46. Ke1 {[%clk 0:10:09]}  Kf6 {[%clk 0:03:49]} 47. Bb3 {[%clk 0:08:17]}  Kg5 {[%clk 0:01:22]} 48. Bxc4 {[%clk 0:08:30]}  Rc7 {[%clk 0:01:49]} 49. a6 {[%clk 0:07:17]} 1-0

[Event "9 Round Open"]
[Site "Enniscrone, Sligo, IE"]
[Date "2026.02.05"]
[Round "6"]
[White "Rakhmangulov, Andrei"]
[Black "Bartczak, Korneliusz"]
[Result "1/2-1/2"]
[Board "4"]
[WhiteFideId "14101467"]
[BlackFideId "2523558"]
[WhiteTitle "IM"]
[WhiteElo "2262"]
[BlackElo "2077"]
[WhiteTeam "UKR"]
[BlackTeam "IRL"]
[WhiteClock "0:14:52"]
[BlackClock "0:10:25"]
[Variant "Standard"]

1. d4 {[%clk 1:28:37]}  d5 {[%clk 1:30:53]} 2. c4 {[%clk 1:29:00]}  c6 {[%clk 1:31:18]} 3. cxd5 {[%clk 1:27:28]}  cxd5 {[%clk 1:31:32]} 4. Nc3 {[%clk 1:27:53]}  Nf6 {[%clk 1:31:55]} 5. Bf4 {[%clk 1:28:14]}  Nc6 {[%clk 1:32:18]} 6. e3 {[%clk 1:28:34]}  a6 {[%clk 1:32:40]} 7. Bd3 {[%clk 1:28:18]}  Qb6 {[%clk 1:33:04]} 8. a3 {[%clk 1:27:07]}  Bg4 {[%clk 1:32:06]} 9. f3 {[%clk 1:23:33]}  Bh5 {[%clk 1:29:37]} 10. Nge2 {[%clk 1:23:12]}  e6 {[%clk 1:29:24]} 11. O-O {[%clk 1:08:36]}  Qd8 {[%clk 1:17:17]} 12. Na4 {[%clk 1:04:09]}  Bg6 {[%clk 1:09:30]} 13. Rc1 {[%clk 0:58:13]}  Bxd3 {[%clk 1:02:03]} 14. Qxd3 {[%clk 0:58:26]}  Bd6 {[%clk 1:01:25]} 15. Bxd6 {[%clk 0:48:19]}  Qxd6 {[%clk 1:01:45]} 16. Nc5 {[%clk 0:48:38]}  Rb8 {[%clk 0:54:21]} 17. Qb3 {[%clk 0:47:50]}  O-O {[%clk 0:51:59]} 18. Qb6 {[%clk 0:44:53]}  Qd8 {[%clk 0:41:36]} 19. Qxd8 {[%clk 0:44:54]}  Rfxd8 {[%clk 0:41:46]} 20. Kf2 {[%clk 0:39:37]}  Na5 {[%clk 0:37:43]} 21. Rc2 {[%clk 0:35:11]}  Kf8 {[%clk 0:34:38]} 22. Rfc1 {[%clk 0:34:51]}  Ke7 {[%clk 0:34:15]} 23. Nf4 {[%clk 0:32:19]}  Nd7 {[%clk 0:30:02]} 24. Nfd3 {[%clk 0:29:50]}  Nxc5 {[%clk 0:29:45]} 25. Rxc5 {[%clk 0:26:53]}  Nc6 {[%clk 0:24:40]} 26. Ne5 {[%clk 0:27:07]}  Nxe5 {[%clk 0:23:10]} 27. dxe5 {[%clk 0:27:30]}  f6 {[%clk 0:22:36]} 28. f4 {[%clk 0:26:01]}  fxe5 {[%clk 0:22:50]} 29. fxe5 {[%clk 0:26:30]}  Rf8+ {[%clk 0:20:51]} 30. Ke2 {[%clk 0:26:43]}  Rbd8 {[%clk 0:21:07]} 31. g4 {[%clk 0:24:40]}  Rd7 {[%clk 0:20:15]} 32. Kd3 {[%clk 0:23:26]}  Rf2 {[%clk 0:20:01]} 33. R5c2 {[%clk 0:23:12]}  Rf3 {[%clk 0:17:39]} 34. Kd4 {[%clk 0:22:59]}  h6 {[%clk 0:15:19]} 35. b4 {[%clk 0:21:35]}  Kf7 {[%clk 0:14:06]} 36. Rc7 {[%clk 0:21:04]}  Ke7 {[%clk 0:14:20]} 37. Rc8 {[%clk 0:21:13]}  Rf2 {[%clk 0:13:13]} 38. R8c2 {[%clk 0:20:37]}  Rxc2 {[%clk 0:11:49]} 39. Rxc2 {[%clk 0:20:01]}  Kd8 {[%clk 0:11:29]} 40. a4 {[%clk 0:14:24]}  Rc7 {[%clk 0:10:08]} 41. Rc5 {[%clk 0:13:53]}  b6 {[%clk 0:09:15]} 42. Rxc7 {[%clk 0:14:12]}  Kxc7 {[%clk 0:09:40]} 43. e4 {[%clk 0:14:37]}  dxe4 {[%clk 0:09:56]} 44. b5 {[%clk 0:14:26]}  axb5 {[%clk 0:10:10]} 45. axb5 {[%clk 0:14:54]}  Kd7 {[%clk 0:10:25]} 46. h4 {[%clk 0:14:45]}  g6 {[%clk 0:10:23]} 47. h5 {[%clk 0:14:45]}  gxh5 {[%clk 0:10:25]} 48. gxh5 {[%clk 0:14:52]} 1/2-1/2

[Event "9 Round Open"]
[Site "Enniscrone, Sligo, IE"]
[Date "2026.02.05"]
[Round "6"]
[White "Willems, Niels"]
[Black "Hushpit, Lukian"]
[Result "1-0"]
[Board "5"]
[WhiteFideId "20695586"]
[BlackFideId "14189208"]
[WhiteTitle "FM"]
[WhiteElo "2390"]
[BlackElo "2100"]
[WhiteTeam "FRA"]
[BlackTeam "IRL"]
[WhiteClock "0:10:29"]
[BlackClock "0:06:09"]
[Variant "Standard"]

1. c4 {[%clk 1:30:57]}  e6 {[%clk 1:30:53]} 2. Nc3 {[%clk 1:31:21]}  d5 {[%clk 1:31:19]} 3. e3 {[%clk 1:31:47]}  Nf6 {[%clk 1:31:45]} 4. Nf3 {[%clk 1:32:13]}  Be7 {[%clk 1:31:53]} 5. b3 {[%clk 1:32:37]}  O-O {[%clk 1:28:26]} 6. Bb2 {[%clk 1:33:00]}  Nbd7 {[%clk 1:26:47]} 7. Be2 {[%clk 1:32:54]}  b6 {[%clk 1:22:43]} 8. cxd5 {[%clk 1:33:12]}  exd5 {[%clk 1:21:56]} 9. O-O {[%clk 1:33:23]}  Bb7 {[%clk 1:20:34]} 10. Rc1 {[%clk 1:33:29]}  Re8 {[%clk 1:17:27]} 11. Re1 {[%clk 1:32:24]}  Nf8 {[%clk 1:08:33]} 12. Nb5 {[%clk 1:19:52]}  c6 {[%clk 0:54:07]} 13. Nbd4 {[%clk 1:19:37]}  Rc8 {[%clk 0:54:02]} 14. Nf5 {[%clk 1:19:44]}  Ng6 {[%clk 0:53:39]} 15. Nxe7+ {[%clk 1:19:16]}  Qxe7 {[%clk 0:54:04]} 16. Bf1 {[%clk 1:16:26]}  Nd7 {[%clk 0:37:01]} 17. Nd4 {[%clk 1:09:41]}  Qg5 {[%clk 0:27:12]} 18. f4 {[%clk 0:51:19]}  Qd8 {[%clk 0:23:25]} 19. Nf5 {[%clk 0:50:47]}  Nf6 {[%clk 0:23:44]} 20. g4 {[%clk 0:44:58]}  Rf8 {[%clk 0:19:30]} 21. Nxg7 {[%clk 0:36:06]}  c5 {[%clk 0:16:29]} 22. g5 {[%clk 0:30:56]}  Ne4 {[%clk 0:14:53]} 23. Nf5 {[%clk 0:24:50]}  Re8 {[%clk 0:12:22]} 24. Qh5 {[%clk 0:22:57]}  Qd7 {[%clk 0:11:07]} 25. Bh3 {[%clk 0:22:12]}  Qc7 {[%clk 0:10:36]} 26. Bf6 {[%clk 0:19:01]}  Nxf6 {[%clk 0:08:59]} 27. gxf6 {[%clk 0:18:59]}  Qc6 {[%clk 0:09:10]} 28. Nh6+ {[%clk 0:18:50]}  Kf8 {[%clk 0:09:27]} 29. Ng4 {[%clk 0:16:53]}  Re6 {[%clk 0:08:01]} 30. d4 {[%clk 0:12:57]}  Rxf6 {[%clk 0:07:15]} 31. Nxf6 {[%clk 0:13:15]}  Qxf6 {[%clk 0:07:40]} 32. Qh6+ {[%clk 0:13:24]}  Kg8 {[%clk 0:07:49]} 33. f5 {[%clk 0:11:10]}  Re8 {[%clk 0:06:52]} 34. fxg6 {[%clk 0:11:00]}  fxg6 {[%clk 0:06:53]} 35. Rf1 {[%clk 0:11:09]}  Qe7 {[%clk 0:07:14]} 36. Rf3 {[%clk 0:11:06]}  Ba6 {[%clk 0:07:14]} 37. Rc2 {[%clk 0:10:53]}  cxd4 {[%clk 0:06:09]} 38. Rc7 {[%clk 0:10:29]} 1-0

[Event "9 Round Open"]
[Site "Enniscrone, Sligo, IE"]
[Date "2026.02.05"]
[Round "6"]
[White "Ribeiro, Gustavo"]
[Black "Barnes, Oliver"]
[Result "1-0"]
[Board "6"]
[WhiteFideId "1941852"]
[BlackFideId "2517604"]
[WhiteTitle "FM"]
[WhiteElo "2276"]
[BlackElo "2013"]
[WhiteTeam "POR"]
[BlackTeam "IRL"]
[WhiteClock "0:40:37"]
[BlackClock "0:00:49"]
[Variant "Standard"]

1. c4 {[%clk 1:30:38]}  e5 {[%clk 1:30:35]} 2. g3 {[%clk 1:30:51]}  Nc6 {[%clk 1:30:59]} 3. Bg2 {[%clk 1:31:12]}  Bc5 {[%clk 1:31:20]} 4. Nc3 {[%clk 1:31:31]}  a6 {[%clk 1:31:45]} 5. e3 {[%clk 1:31:50]}  d6 {[%clk 1:32:08]} 6. Nge2 {[%clk 1:32:15]}  Ba7 {[%clk 1:32:30]} 7. b3 {[%clk 1:31:30]}  Nge7 {[%clk 1:30:46]} 8. Bb2 {[%clk 1:30:11]}  O-O {[%clk 1:26:48]} 9. O-O {[%clk 1:29:22]}  Bf5 {[%clk 1:18:17]} 10. d4 {[%clk 1:23:19]}  exd4 {[%clk 1:16:53]} 11. Nxd4 {[%clk 1:23:34]}  Nxd4 {[%clk 1:16:11]} 12. exd4 {[%clk 1:23:58]}  Nc6 {[%clk 1:13:34]} 13. Nd5 {[%clk 1:24:15]}  Qd7 {[%clk 1:06:54]} 14. Re1 {[%clk 1:17:42]}  Rae8 {[%clk 0:58:17]} 15. Qd2 {[%clk 1:17:41]}  h6 {[%clk 0:40:19]} 16. b4 {[%clk 1:10:37]}  Re6 {[%clk 0:32:48]} 17. Ne3 {[%clk 1:06:31]}  Re7 {[%clk 0:30:29]} 18. Nxf5 {[%clk 1:04:22]}  Rxe1+ {[%clk 0:30:13]} 19. Rxe1 {[%clk 1:04:44]}  Qxf5 {[%clk 0:30:39]} 20. Bxc6 {[%clk 1:04:59]}  bxc6 {[%clk 0:30:33]} 21. c5 {[%clk 1:05:11]}  Qd5 {[%clk 0:29:07]} 22. Qc3 {[%clk 1:04:47]}  a5 {[%clk 0:21:44]} 23. a3 {[%clk 1:05:04]}  Rd8 {[%clk 0:21:39]} 24. h3 {[%clk 1:00:50]}  axb4 {[%clk 0:21:12]} 25. axb4 {[%clk 1:01:14]}  Bb8 {[%clk 0:20:29]} 26. Re3 {[%clk 0:59:35]}  Kf8 {[%clk 0:19:08]} 27. Qc2 {[%clk 0:58:44]}  Kg8 {[%clk 0:17:37]} 28. Qe2 {[%clk 0:59:02]}  Kf8 {[%clk 0:17:35]} 29. Qf3 {[%clk 0:59:12]}  Qa2 {[%clk 0:13:30]} 30. Bc3 {[%clk 0:59:23]}  Qd5 {[%clk 0:12:11]} 31. g4 {[%clk 0:59:12]}  Ba7 {[%clk 0:09:08]} 32. Qe4 {[%clk 0:59:06]}  Qxe4 {[%clk 0:08:58]} 33. Rxe4 {[%clk 0:59:31]}  Re8 {[%clk 0:08:34]} 34. Rxe8+ {[%clk 0:59:18]}  Kxe8 {[%clk 0:09:04]} 35. Kg2 {[%clk 0:59:38]}  Ke7 {[%clk 0:08:20]} 36. Kf3 {[%clk 0:59:44]}  Ke6 {[%clk 0:08:12]} 37. Ke4 {[%clk 0:59:43]}  g6 {[%clk 0:07:32]} 38. h4 {[%clk 0:59:43]}  h5 {[%clk 0:06:28]} 39. f3 {[%clk 0:58:24]}  Bb8 {[%clk 0:06:22]} 40. Bd2 {[%clk 0:57:38]}  Ba7 {[%clk 0:06:24]} 41. Kd3 {[%clk 0:56:09]}  Kd5 {[%clk 0:04:27]} 42. Bg5 {[%clk 0:56:33]}  Ke6 {[%clk 0:04:30]} 43. Kc4 {[%clk 0:56:48]}  Bb8 {[%clk 0:03:31]} 44. Bd8 {[%clk 0:56:52]}  Kd7 {[%clk 0:03:41]} 45. Bf6 {[%clk 0:57:17]}  Ke6 {[%clk 0:04:09]} 46. Bg7 {[%clk 0:57:36]}  Ba7 {[%clk 0:03:49]} 47. Bh8 {[%clk 0:56:40]}  Bb8 {[%clk 0:03:36]} 48. Kb3 {[%clk 0:55:59]}  Kd7 {[%clk 0:03:27]} 49. Ka4 {[%clk 0:56:12]}  Kc8 {[%clk 0:03:48]} 50. Bf6 {[%clk 0:56:16]}  Ba7 {[%clk 0:03:24]} 51. Bg5 {[%clk 0:56:24]}  Bb8 {[%clk 0:03:24]} 52. Bf4 {[%clk 0:56:40]}  Ba7 {[%clk 0:02:26]} 53. Bg3 {[%clk 0:55:53]}  Bb8 {[%clk 0:02:40]} 54. Bf2 {[%clk 0:52:43]}  Ba7 {[%clk 0:02:49]} 55. b5 {[%clk 0:50:29]}  cxb5+ {[%clk 0:00:56]} 56. Kxb5 {[%clk 0:50:52]}  Kb7 {[%clk 0:00:44]} 57. d5 {[%clk 0:50:46]}  dxc5 {[%clk 0:00:38]} 58. Bxc5 {[%clk 0:51:08]}  Bxc5 {[%clk 0:00:35]} 59. Kxc5 {[%clk 0:51:34]}  Kc8 {[%clk 0:00:42]} 60. Kd4 {[%clk 0:39:57]}  Kd7 {[%clk 0:00:43]} 61. Ke5 {[%clk 0:39:03]}  Ke7 {[%clk 0:00:51]} 62. g5 {[%clk 0:38:00]}  Kd7 {[%clk 0:00:38]} 63. f4 {[%clk 0:38:08]}  Ke7 {[%clk 0:00:42]} 64. f5 {[%clk 0:38:31]}  gxf5 {[%clk 0:00:33]} 65. Kxf5 {[%clk 0:38:55]}  Ke8 {[%clk 0:00:31]} 66. g6 {[%clk 0:38:56]}  Kf8 {[%clk 0:00:37]} 67. Kf6 {[%clk 0:39:20]}  fxg6 {[%clk 0:00:56]} 68. Kxg6 {[%clk 0:39:47]}  Ke7 {[%clk 0:01:11]} 69. Kxh5 {[%clk 0:40:12]}  c5 {[%clk 0:00:49]} 70. dxc6 {[%clk 0:40:37]} 1-0